1435 1981 1531 1215 1822 1872 1889 1598 1633 1296 1257 1634 1048 1559 1497 1829 1340 1604 1585 1561 1579 1581 1717 1229 1573 1689 1043 1524 1719 1809 1804 1146 1446 1015 1570 1438 1009 1616 1198 1076 1370 1602 1087 1506 1209 1021 1952 1157 1918 1430 1749 1636 1888 1486 1096 1857 1328 1880 1584 1221 1701 1806 1410 1050 1134 1815 1349 1642 1701 1322 1691 1263 1637 1434 1528 1013 1898 1882 1781 1635 1413 1799 1899 1999 1569 1397 1500 1277 1802 1358 1366 1559 1189 1571 1372 1886 1654 1547 1124 BCNSPRNW ULIB Ver.6.0+V

เปลี่ยนเป็นภาษาไทย

Change to English
 แสดงรายละเอียดบรรณานุกรม
  กลับหน้าหลัก

Brief Record : Get Marc (ISO 2709) : E-mail record : QR code < ปิดหน้าต่าง
LEADER : 00000nam 2200000uu 4500
001    13399109021
003     ULIB
008    110318s2553||||th 000 0 tha d
020    974111166
060 04 WY20.5^bป554ส 2553
100 0  ปาริชาติ โรจน์พลากร-กู๊ช
245 10 สถิติสำหรับงานวิจัยทางการพยาบาล และการใช้โปรแกรม SPSS forwindows /^cปาริชาติ โรจน์พลากร-กู๊ช, ยุวดี ฦาชา
250    พิมพ์ครั้งที่ 1
260    กรุงเทพฯ :^bจุดทอง,^c2553
300    [7], 399 หน้า ;^c26 ซม.
500 ตำ รานี้จัดพิมพ์เผยแพร่โดยได้รับความสนับสนุนจากโครงการตำราภาควิชาพยาบาลศาสตร์ คณะแพทยศาสตร์โรงพยาบาลรามาธิบดี มหาวิทยาลัยมหิดล
650  7 การพยาบาล^vวิจัย
650  7 สถิติศาสตร์
650  7 สถิติ^xโปรแกรมคอมพิวเตอร์
650  7 เอสพีเอสเอส (โปรแกรมคอมพิวเตอร์)
650  7 เอสพีเอสเอสสำหรับวินโดวส์
700 0  ยุวดี ฦาชา
710 2  มหาวิทยาลัยมหิดล. ^bคณะแพทยศาสตร์โรงพยาบาลรามาธิบดี.^bภาควิชาพยาบาลศาสตร์
945    ^p350^l0^i028643
945    ^p350^l0^i028642
945    ^p350^l0^i028641
995    เกษร
999 ^a ใช้งานได้ทุกระบบ
รายการนี้ยังไม่มีแท็ก
คุณยังไม่ได้ล็อกอิน คุณสามารถมีกิจกรรมร่วมกับเว็บไซต์ได้ แต่ต้องล็อกอินก่อน ::
  ล็อกอิน

รายการสื่อสารสนเทศ

ลำดับที่ ประเภท เลขเรียก/บาร์โค้ด สถานที่ สถานะ
1. วิทยาศาสตร์การแพทย์ และสุขภาพ
หนังสือสำรอง
สถานะ=หนังสือสำรอง
WY20.5 ป554ส 2553 ฉ.1 
  Barcode: 028641
ห้องสมุดวิทยาเขตสวรรค์ประชารักษ์
►ส่วนจัดเก็บหนังสือเก่า สปร
บนชั้น
  ขอยืม
2. วิทยาศาสตร์การแพทย์ และสุขภาพ
วิทยาศาสตร์การแพทย์ และสุขภาพ
WY20.5 ป554ส 2553 ฉ.2 
  Barcode: 028642
ห้องสมุดวิทยาเขตสวรรค์ประชารักษ์
►ส่วนจัดเก็บหนังสือเก่า สปร
บนชั้น
  ขอยืม
3. วิทยาศาสตร์การแพทย์ และสุขภาพ
วิทยาศาสตร์การแพทย์ และสุขภาพ
WY20.5 ป554ส 2553 ฉ.3 
  Barcode: 028643
ห้องสมุดวิทยาเขตสวรรค์ประชารักษ์
►ส่วนจัดเก็บหนังสือเก่า สปร
บนชั้น
  ขอยืม

รายการใกล้เคียง
    ผู้แต่ง [ปาริชาติ โรจน์พลากร-กู๊ช]

    หัวเรื่อง [สถิติศาสตร์]
    หัวเรื่อง [เอสพีเอสเอส (โปรแกรมคอมพิวเตอร์)]
    หัวเรื่อง [เอสพีเอสเอสสำหรับวินโดวส์]

BibComment


ยังไม่เคยถูกคอมเมนท์

คอมเมนท์ทรัพยากรรายการนี้
  คอมเมนท์: สถิติสำหรับงานวิจ..


 Copyright 2026. Bcnsprnw @Library